[Event "Wch U18"]
[Site "Szeged"]
[Date "1994.??.??"]
[Round "6"]
[White "Svidler, Peter"]
[Black "Iordachescu, Viorel"]
[Result "1-0"]
[WhiteElo "2550"]
[BlackElo "2435"]
[Annotator "Svidler,P"]
[PlyCount "83"]
[EventDate "1994.??.??"]
[EventType "swiss"]
[EventRounds "9"]
[EventCountry "HUN"]
[SourceTitle "CBM 042"]
[Source "ChessBase"]
[SourceDate "1994.10.01"]
[SourceVersion "1"]
[SourceVersionDate "1994.10.01"]
[SourceQuality "1"]

1. e4 g6 2. d4 Bg7 3. Nf3 d6 4. c3 Nf6 5. Bd3 O-O 6. O-O Nbd7 7. Re1 e5 8. Nbd2
Re8 9. a4 h6 (9... d5 10. dxe5 dxe4 (10... Nxe5 11. Nxe5 Rxe5 12. Nf3 Re8 13.
e5 $14) (10... Nxe4 11. Nxe4 dxe4 12. Bg5 $16) 11. exf6 Nxf6 12. Bb5 c6 13.
Nxe4 $1 Nxe4 14. Qxd8 Rxd8 15. Rxe4 cxb5 16. axb5 $14) 10. Bc2 (10. dxe5 dxe5
11. b4 $14) 10... a5 (10... d5 11. dxe5 Nxe5 (11... Nxe4 12. Nxe4 dxe4 13. Rxe4
Nxe5 14. Nxe5 Qxd1+ 15. Bxd1 Rxe5 16. Rxe5 Bxe5 17. Bxh6 $16) 12. Nxe5 Rxe5 13.
Nf3 $14) 11. Nf1 b6 {/\ Bb7,d5} 12. d5 Bb7 13. b4 Qb8 14. Ba3 Bf8 (14... c6 15.
dxc6 Bxc6 16. b5 $16) 15. Bb3 c6 (15... Kg7 $5 $13) 16. dxc6 Bxc6 17. Nh4 axb4
18. cxb4 Kg7 19. Ng3 {/\ 20.b5 Bb7 21.Nhf5!?->} b5 $1 20. a5 Qb7 21. Qe2 d5 (
21... Rac8 22. Rad1 $14) 22. Qa2 Nb8 23. exd5 Bxd5 24. Bb2 $1 Bxb3 (24... Bxb4
25. Rxe5 $36) 25. Qxb3 Nc6 (25... Nbd7 26. Nf3 $13) 26. f4 $1 Qa7+ (26... Bxb4
27. fxe5 Bxe1 28. Rxe1 Kh7 29. Rf1 $44) 27. Kh1 Ng4 $22 (27... Nd4 28. Qd3 Ng4
29. Ne4 f5 30. fxe5 Rad8 31. Qg3 $13) 28. h3 Nf2+ 29. Kh2 $16 Nd4 30. Qe3 $2 (
30. Qc3 $1 Rac8 31. Qe3 Nc6 32. Qf3 $16) 30... Nc2 31. Qf3 (31. Qxa7 Rxa7 32.
Rxe5 Rxe5 33. Bxe5+ f6 34. Rc1 fxe5 35. Rxc2 exf4 $17) 31... Nxe1 32. Rxe1 Bxb4
33. Re2 Bc5 (33... Nd1 34. Bxe5+ Kg8 (34... f6 35. Qg4 fxe5 36. Nh5+ $1 $18)
35. f5 $40) 34. fxe5 $6 (34. Bxe5+ Kg8 (34... Kh7 35. f5 {/\ 36.fg6 fg6 37.
Ng6+-} Rf8 $8 36. fxg6+ fxg6 37. Qc6 Rg8 38. Rd2 $1 $18) 35. f5 $36) 34... Re6
(34... Nd1 $5 35. Ba1 Re6 (35... Qxa5 $2 36. e6+ $18) 36. Ne4 $13) 35. Rd2 $1
$44 {/\ Ne2-d4, /\ Ne2-f4} Rae8 (35... Qxa5 36. Rd7 Rf8 37. Nxg6 Rxg6 (37...
Kxg6 38. Qf5+ Kg7 39. Qxe6 $18) 38. e6+ Kg8 39. e7 $1 Re8 (39... Bxe7 40. Rxe7
Qb4 41. Ba3 Qa4 42. Rb7 $18) 40. Rd8 $1 Rxd8 41. Qc3 $3 $18) (35... Be7 36.
Nhf5+ gxf5 37. Nxf5+ Kg8 38. Bd4 $1 Qxa5 39. Rxf2 $40) 36. Rd5 Kg8 37. Ne2 Be7
$22 (37... Qe7 $142 38. Nf4 $44) 38. Bd4 Qb7 (38... Qxa5 $142 39. Qxf2 $16) 39.
Bxf2 $18 Bxh4 $22 40. Bxh4 Qc7 41. Bf6 b4 42. Nd4 1-0

[Event "St Petersburg-ch"]
[Site "St Petersburg"]
[Date "1995.??.??"]
[Round "8"]
[White "Solozhenkin, Evgeniy"]
[Black "Svidler, Peter"]
[Result "0-1"]
[WhiteElo "2480"]
[BlackElo "2585"]
[Annotator "Svidler,P"]
[PlyCount "76"]
[EventDate "1995.04.??"]
[EventType "tourn"]
[EventRounds "12"]
[EventCountry "RUS"]
[EventCategory "9"]
[SourceTitle "CBM 047"]
[Source "ChessBase"]
[SourceDate "1995.08.01"]
[SourceVersion "1"]
[SourceVersionDate "1995.08.01"]
[SourceQuality "1"]

1. d4 {Stohl} d6 2. e4 Nf6 3. Nc3 g6 4. g3 Bg7 5. Bg2 O-O 6. Nge2 e5 7. h3 (7.
O-O {Stohl} Nc6 8. dxe5 (8. h3 $6 exd4 9. Nxd4 Nxe4 $1 $15) 8... dxe5 9. Bg5
Be6 10. Nd5 Bxd5 11. exd5 Ne7 12. c4 h6 13. Bd2 Nf5 14. Qb3 Rb8 15. Rad1 Re8
16. Rfe1 Bf8 17. Qc2 b6 18. b3 Kh7 19. Bh3 Nd6 20. Nc3 Nd7 21. a3 f5 22. Bg2
Bg7 $132 {Hansen,Cu-Hoi,C/DEN-ch Vejle/1982/}) 7... Nc6 8. Be3 a6 9. O-O Bd7
10. f4 (10. Re1 {Stohl} b5 $132) (10. a4 {Stohl} exd4 11. Nxd4 Re8 12. Re1 Nb4
$1 13. g4 c5 14. Nde2 Bc6 15. Ng3 b6 16. g5 Nd7 17. f4 Nf8 18. Re2 Qc7 19. Qc1
Rad8 20. Nd5 Bxd5 21. exd5 Rxe3 22. Rxe3 Bd4 23. Raa3 Re8 $10 {Svidler,
P-Hennigan,M/Oakham/1992/}) 10... exd4 11. Nxd4 Re8 {><e4} 12. Re1 Na5 $5 (
12... Nxd4 {Stohl} 13. Bxd4 c5 14. Bxf6 Bxf6 15. Qxd6 Bd4+ 16. Kh2 Re6 17. Qd5
Rb6 $1 18. Ne2 Bc6 19. Qxd8+ Rxd8 20. Nxd4 Rxd4 21. b3 Rd2 22. Rac1 Rb4 23. Kg1
Rbd4 24. Bh1 Kf8 $44 {Byrne,R-Christiansen,L/USA-ch/1984/}) 13. Bf2 $1 (13. b3
$6 c5 14. Nde2 Bc6 15. Qd3 b5 $36) (13. Qd3 c5 14. Nde2 (14. Nf3 Bc6 15. e5
dxe5 16. Qxd8 Raxd8 17. Nxe5 Bxg2 18. Kxg2 Nd5 $1 $10) 14... b5 $5 $36 15. Qxd6
$140 $2 Nc4 16. Qxc5 Rc8 17. Qa7 Rc7 18. Qd4 Nxe4 (18... Ng4 19. hxg4 Bxd4 20.
Bxd4 $17) 19. Qd3 Nxb2 $19) 13... c5 14. Nb3 (14. Nf3 Bc6 15. e5 (15. Qd3 $6 b5
$1 $36) 15... dxe5 16. Nxe5 Bxg2 17. Qxd8 (17. Kxg2 $6 Qc7 $36) 17... Raxd8 18.
Kxg2 Nd5 $1 $10) (14. Nf3 $142 $5 $13 {Stohl /\e5}) 14... Nc4 15. e5 $1 $8 (15.
Qd3 b5 $1 16. e5 dxe5 17. Bxa8 Qxa8 $17) (15. Nd2 Nxb2 16. Qb1 Na4 17. Nxa4
Bxa4 18. Qxb7 Bxc2 $17) (15. Bf1 b5 $36) (15. Qc1 {Stohl} Bc6 $15 {/\b5-b4|^})
15... dxe5 (15... Nxb2 $2 {Stohl} 16. Qc1 dxe5 17. fxe5 $16) 16. fxe5 (16. Bxb7
exf4 $1 17. gxf4 (17. Bxa8 Rxe1+ 18. Qxe1 Qxa8 19. g4 Qf3 $40) 17... Rxe1+ 18.
Qxe1 Bxh3 $1 $132) (16. Nxc5 exf4 17. gxf4 (17. Nxb7 {Stohl} Qc7 $17 {׻})
17... Qc7 $36) 16... Nxe5 (16... Rxe5 17. Rxe5 Nxe5 18. Nxc5 Bc6 19. Nxb7 $1 (
19. Qxd8+ Rxd8 20. Nxb7 Rb8 $1 (20... Bxb7 21. Bxb7 Rb8 22. Bxa6 $14)) 19...
Qxd1+ 20. Rxd1 Bxb7 21. Bxb7 Rb8 22. Bxa6 Rxb2 23. Bd3 $14) 17. Nxc5 (17. Bxb7
Rb8 (17... Bxh3 $5 $13) 18. Nxc5 Rxb7 $1 19. Nxb7 Qa8 $40) 17... Qc7 (17... Bc6
$142 $1 18. Qxd8 Raxd8 19. Bxc6 Nxc6 20. Nxb7 Rb8 21. Nd6 (21. Rxe8+ $2 Nxe8
22. Re1 Nc7 23. Nc5 Rxb2 $17 24. Re2) 21... Rxe1+ 22. Rxe1 Rxb2 23. Re2 $10)
18. Nxd7 (18. Nxb7 $2 {Stohl} Bc6 $40) 18... Nexd7 {׻,|^/^a1-h8} (18... Nfxd7
19. Nd5 $16) 19. Rxe8+ $1 (19. Qf3 Ne5 $1 20. Qxb7 Qxb7 21. Bxb7 Rab8 22. Bg2 (
22. Bxa6 $2 Nf3+ $19) 22... Rxb2 23. Re2 Nfd7 $10) 19... Rxe8 20. Qf3 $14 (20.
Qd2 {Stohl} Ne5 {/\Nc4|^}) 20... Nc5 (20... b5 $5 21. Qb7 Qxb7 22. Bxb7 b4 23.
Na4 Re2 24. Bxa6 Rxc2 25. Rd1 Ne4 26. Be3 (26. Bd3 Nxf2 27. Bxc2 $10) 26...
Ndc5 27. Nxc5 Nxc5 28. Rd8+ Bf8 29. Bh6 Ne6 30. Bd3 $14 Rxb2 $140 $2 31. Bc4
$18) 21. Re1 $1 (21. Rd1 $6 {Stohl} Nce4 $17) 21... Rxe1+ $6 (21... Rd8 22. Qf4
(22. Rd1 Re8 {/\ 23...Nfe4} 23. Rd4 Ne6 24. Rb4 $6 b5 25. a4 Qd6 $1 $132) 22...
Qxf4 23. gxf4 b6 $14) 22. Bxe1 b5 $6 (22... Nfd7 $142 23. Nd5 (23. Bf2 Qd6 $14)
23... Qe5 $1 24. Bc3 Qd6 $10) 23. a3 $1 (23. Qc6 Qxc6 24. Bxc6 Nfd7 $1 {
/\ 25..Ne5} 25. Bf2 Bxc3 (25... Kf8 26. b4 $1 $16) 26. bxc3 Kf8 $10 27. Bd5
$140 Na4 28. c4 Nab6 $15) (23. Qa8+ $5 Bf8 24. a3 (24. b4 Qe5 $1 25. Kf1 $8 Ne6
26. Qxa6 Nd4 $36) 24... Kg7 25. Bf2 Bd6 $13) 23... h5 $1 $8 (23... Nfd7 24.
Qa8+ Bf8 25. Bf2 $16) 24. Bf2 Nfd7 (24... Kh7 $142 {Stohl}) 25. Qa8+ (25. Nd5 {
Stohl} Qe5 26. c3 Na4 $15) 25... Kh7 26. Nd5 $6 (26. Qe8 $1 Bxc3 $8 (26... Nf6
27. Qc6 $1 $16) (26... Ne5 27. Nd5 $16) (26... Nb6 $5 27. Qe3 $5 {Solozhenkin/}
(27. Nd5 Nxd5 28. Bxd5 Ne6 $1 $10) (27. Qc6 Qxc6 28. Bxc6 Bxc3 29. bxc3 (29.
Bxc5 Na4 $1 $15) 29... Nca4 30. Bb7 Nc4 31. Bxa6 Nxa3 $10) (27. Kh1 $5 Qd7 $1
$8 (27... Nba4 28. Nd5 $16) (27... Nca4 28. Ne4 $16) (27... f5 28. Nd5 Nxd5 29.
Bxd5 $16) 28. Qxd7 Ncxd7 (28... Nbxd7 29. b4 $1 $16) 29. Bb7 Bxc3 30. bxc3 Na4
31. Bd4 Nac5 32. Bd5 $16) 27... Ncd7 28. Ne4 $40) 27. bxc3 (27. Qxf7+ $2 Bg7
28. Bd4 Ne6 $1 $19) 27... Ne5 $1 (27... Nf6 28. Qc6 $16) 28. Bd4 (28. Qa8 a5 $1
29. Qd5 Ne6 30. Qxb5 Qxc3 $13) (28. Bd5 Ne6 29. Bxe6 fxe6 30. Qxe6 Nf3+ 31. Kg2
Qb7 32. Kf1 Ng5 $13) 28... Ne6 $8 29. Bxe5 (29. Bd5 Nxd4 30. cxd4 Nc4 $1 $13)
29... Qxe5 30. Qxf7+ Kh6 31. Qf3 Kg7 $5 $14 (31... Ng5 $2 32. Qd3 Qc5+ 33. Kh2
Qxa3 $4 34. Qe3 $16) (31... h4 $5 32. gxh4 Qe1+ 33. Bf1 Qxh4 34. Qe3+ Nf4 35.
c4 $14)) 26... Qe5 {ףa8} 27. Qc8 (27. b4 Ne4 28. Bxe4 Qxe4 29. Qc6 (29. Nf6+
$4 Nxf6 $19) 29... Qf5 $1 $132) 27... Qxb2 $1 28. Ne7 (28. Bxc5 $2 Nxc5 29.
Qxc5 $4 Bd4+ $19) (28. c3 Nd3 (28... Bxc3 29. Qe8 Bd4 30. Qxf7+ Kh8 $1 (30...
Kh6 31. Qf4+ $18) 31. Qe8+ (31. Bxd4+ Qxd4+ 32. Kh2 Qg7 33. Qe8+ Kh7 $15) 31...
Kg7 32. Qe7+ Kh6 33. Bxd4 Qxd4+ 34. Kh2 $15) 29. Be3 Nf6 $1 30. Nxf6+ Bxf6 31.
Qd7 Qxc3 32. Qxf7+ Bg7 $17) 28... Bd4 (28... Qf6 $5 29. Qg8+ (29. Bxc5 $2 Nxc5
30. Qxc5 Qa1+ $1 31. Kh2 Bd4 $19) 29... Kh6 30. Be3+ g5 31. h4 $1 Ne6 32. Be4
$18) (28... Bf8 29. Bxc5 Qe5 30. Bb4 $1 $18) (28... Qxa3 $5 29. Qg8+ Kh6 30.
Qxf7 Ne5 31. Ng8+ (31. Qg8 Ncd7 $17) 31... Kh7 32. Nf6+ Kh6 33. Ng8+ $10) 29.
Qg8+ Kh6 30. Qxf7 Bxf2+ 31. Qxf2 $2 $138 (31. Kxf2 $1 Qd4+ (31... Qxc2+ $2 32.
Kg1 Qc1+ (32... Qd1+ 33. Kh2 {/\Ng8+-}) 33. Kh2 $18) (31... Qf6+ 32. Qxf6 Nxf6
33. Ke3 $14) 32. Kf1 (32. Ke2 {Stohl} Qe5+ 33. Kf2 Qd4+) 32... Qd1+ 33. Kf2
Qd4+ $10) 31... Qxa3 $1 $17 32. Qf4+ (32. Qf7 Qa1+ (32... Qxg3 $2 {Stohl} 33.
Ng8+ Kg5 34. Qe7+ Kf5 (34... Kf4 35. Qd6+ Ne5 36. Qd4+ $1 Kg5 37. Qxc5 $16) 35.
Qf7+ $10 Ke5 $2 36. Qd5+ Kf4 37. Qd6+ Ne5 38. Qd4+) 33. Kh2 Qg7 $17) 32... Kg7
33. Qd4+ (33. Bd5 {Stohl} Qa1+ 34. Kg2 Qf6 $17) 33... Kf7 $1 $19 34. Nc8 (34.
Nd5 Qxg3 $19) 34... Qxg3 $1 35. Nd6+ (35. Kf1 Qe5 $19) 35... Ke7 36. Nc8+ Kd8
37. Nd6 (37. Nb6 {Stohl} Qe5 $19) 37... Kc7 38. Ne8+ Kb6 $138 (38... Kb6 {Stohl
} 39. Nd6 Qe1+ 40. Bf1 $8 (40. Kh2 Qe5+) 40... Qe5 $19) 0-1

[Event "Paris FIDE GP"]
[Site "Elancourt"]
[Date "2013.10.02"]
[Round "9"]
[White "Giri, Anish"]
[Black "Caruana, Fabiano"]
[Result "1/2-1/2"]
[WhiteElo "2737"]
[BlackElo "2779"]
[Annotator "Szabo,Kr"]
[PlyCount "130"]
[EventDate "2013.09.22"]
[EventType "tourn"]
[EventRounds "11"]
[EventCountry "FRA"]
[EventCategory "20"]
[SourceTitle "CBM 157"]
[Source "ChessBase"]
[SourceDate "2013.11.12"]
[SourceVersion "1"]
[SourceVersionDate "2013.11.12"]
[SourceQuality "1"]

1. d4 d6 2. e4 Nf6 3. f3 c5 (3... g6 {is more popular.}) 4. d5 e6 ({In the
event of} 4... g6 {White can play} 5. c4 Bg7 6. Nc3 O-O {transposes to the
King's Indian Sämisch Variation.}) 5. c4 exd5 6. cxd5 Be7 {The B is rather
passive here, it belongs to the long /^ in the Benoni.} (6... g6 7. Nc3 {
transposes to the A65 Benoni!}) 7. Bd3 (7. Ne2 O-O 8. Nec3 Nh5 9. f4 (9. g4 $2
{was a mistake, because of} Bh4+ 10. Ke2 Nf6 $17 {and the white K is really
bad, Black is better, Rustemov-Kramnik, ICC INT blitz 1999.}) 9... Nf6 10. Be2
{and White looks nicely placed.}) 7... O-O 8. Ne2 $146 {Novelty by Giri. This
is a very typical plan, when the white N is still on b1, White would like to
play Nec3 and then Nd2 followed by Nc4.} (8. Nc3 Re8 9. Nge2 {The N is not so
effective here.} a6 10. a4 Nbd7 11. O-O Ne5 12. Bc2 $5 (12. b3 Bd7 (12... Nxd3
13. Qxd3 Nd7 $13) 13. Be3 ({Now} 13. Bc2 {is allowing} b5 $1) 13... Rc8 14. a5
$5 (14. Bc2 b5 15. h3 b4 16. Na2 a5 17. f4 Ng6 18. Ng3 (18. Bd3 $2 {was too
optimistic, because of} Bf8 $1 {and suddenly White's central Ps are very weak,
Black is better, Antonic-Mitrovic, Belgrade 2008}) 18... c4 $132)) 12... Bd7
13. a5 $14 {and White has a comfortable position.}) 8... Nbd7 9. O-O (9. Nec3
Ne5 10. Be2 {looked more flexible.}) 9... Rb8 10. a4 (10. Nec3 a6 11. a4 {
- 10.a4}) 10... a6 (10... Ne5) 11. Nec3 $142 (11. Nbc3 {was also possible, but
I think the text move was more accurate.}) 11... Ne5 12. Be2 {Now the B has a
comfortable retreat keeping an eye on the vital f1-a6/^.} Ne8 {A typical
manoeuvre, Black prepares for f5.} 13. f4 Ng6 14. Na3 f5 15. exf5 Bxf5 16. Nc4
Bf6 {Finally the B gets to the long diagonal, as in the real Benoni.} 17. Kh1
Bd4 18. Ne3 Ne7 19. Bf3 (19. Nxf5 Nxf5 20. Qd3 Qd7 ({or} 20... Qh4)) 19... g6 {
A useful move. Caruana frees the g7-square for his B.} ({After the natural} 
19... Nf6 {White can take one of Black's Bs with} 20. Nc2 ({or} 20. Ne2 Bxe3
21. Bxe3 Qd7) 20... Bxc2 21. Qxc2 {On the other hand Black can continue with}
Qd7 {followed by Nf5 and Black looks nicely placed.}) 20. Ne2 Bg7 21. Ra2 b5
22. axb5 axb5 23. b4 Qb6 24. Bb2 $6 {An inaccuracy.} ({Probably} 24. Ng3 {
was more accurate, but} c4 25. Ngxf5 Nxf5 26. Nxf5 gxf5 {and the position is
very difficult.}) 24... Bxb2 25. Rxb2 c4 26. Qd2 Ra8 {Suddenly Black's
position became very active, now White has to play some exact moves.} 27. Nc3
Nc7 28. Re1 Rae8 (28... Bd3) 29. Be4 Bxe4 30. Nxe4 Nf5 31. Nxf5 Rxf5 (31...
gxf5 $1 {was stronger} 32. Nc3 Rxe1+ 33. Qxe1 Qd4 34. Qg3+ Kf7 $36 {White's
pieces are out of play and the d5 P is also weak, so Black's chances are
better.}) 32. g4 $1 Rf7 33. Rbb1 {Giri played some exact moves and suddenly
Black has to face some threats after g5.} Qb8 34. g5 Qd8 $1 {Caruana finds the
best defence; he sacrifices an exchange.} 35. Nf6+ Rxf6 36. gxf6 Qxf6 37. Rxe8+
Nxe8 38. Qe3 Nc7 {Thanks to Black's activity, the d5 weakness and White's
problem with his K, Black has enough compensation.} 39. Re1 Nxd5 40. Qa7 Qf7
41. Qb8+ Kg7 42. Qxd6 Kh6 43. Qd8 Nxf4 44. Qh4+ Nh5 45. Qe4 Nf4 46. Rf1 g5 47.
Qf3 {The computer considers Black to have a slight advantage, but I think it
should be absolutely equal.} Qh5 48. Qa8 Ng6 49. Qc6 Qe2 50. Qg2 Qe6 51. Qf3
Qe7 52. Rg1 Nh4 53. Qd5 Qf6 54. Re1 Ng6 55. Qe4 Qf2 56. Qe3 Qf5 57. Qe4 Qf6 58.
Qg4 Qc6+ 59. Qg2 Qd7 60. Qf3 Qd2 61. Rd1 Qxb4 {Finally Black has won the 3rd P,
but now he can't avoid the perpetual checks.} 62. Qh3+ Nh4 63. Qe6+ Ng6 64.
Qh3+ Nh4 65. Qe6+ Ng6 1/2-1/2

[Event "Gausdal Eikrem Memorial"]
[Site "Gausdal"]
[Date "1996.??.??"]
[Round "7"]
[White "Rausis, Igors"]
[Black "Hillarp Persson, Tiger"]
[Result "0-1"]
[WhiteElo "2495"]
[BlackElo "2400"]
[Annotator "Tisdall,J"]
[PlyCount "91"]
[EventDate "1996.08.??"]
[EventType "swiss"]
[EventRounds "9"]
[EventCountry "NOR"]
[SourceTitle "CBM 054 Extra"]
[Source "ChessBase"]
[SourceDate "1996.11.01"]
[SourceVersion "1"]
[SourceVersionDate "1996.11.01"]
[SourceQuality "1"]

1. e4 g6 2. d4 Bg7 3. Nf3 d6 4. c3 Nf6 5. Bd3 O-O 6. O-O Nc6 7. h3 e5 8. Be3 {
An interesting alternative is} (8. Na3 $5 {planning} Re8 9. Bg5 $5 {a favorite
of Swedish GM Lars Karlsson, when white can try to steer play into a King's
Indian where black will have many misplaced pieces.}) 8... h6 9. Nbd2 Nh5 10.
Re1 Qf6 11. Bf1 Nf4 12. b4 g5 13. dxe5 dxe5 14. Qc2 h5 {The position takes on
the basic contours of Tigerchess, with the ambitious Swede concentrating on
creating turbulence around the enemy king.} 15. Nh2 Qg6 16. Rad1 Be6 (16... g4
{at once looks more critical, since white does not have the f1 square yet at
his disposal for regrouping his knights.}) 17. Bc4 g4 18. hxg4 hxg4 19. Bxe6
fxe6 20. Ndf1 {Now white must have a pleasant advantage. His kingside is quite
solid and black is still committed to seeking his play on that flank.} Rf7 21.
Rd2 {Clearing the d1 square for the queen. The tempo gained by hitting the
g4-pawn will allow white to start an invasion on the d-file.} Bf8 22. Qd1 Rg7
23. Ng3 Bd6 24. Bc5 {White continues in solid, logical fashion. The damage to
his queenside structure is at least balanced by his control of the d-file.}
Bxc5 25. bxc5 Rf8 26. Rd7 {More of the same. The exchanges will give white
easier access to black's various pawn weaknesses and create room for the
second rook to have more of a say in the game.} Rff7 27. Rxf7 Kxf7 28. Qd7+ Kf6
29. Qc8 Rh7 $1 {Tiger abandons the queenside. He has little choice, and there
is no obvious reason why his attacking prospects have improved. Nevertheless,
he creates very real threats by simply bringing all of his horsepower over to
the kingside.} 30. Qxb7 Nd8 31. Qc8 {Rausis sensibly keeps his queen actively
placed, rather than going pawn hunting. In any event, to create counterplay
black will have to jettison the rest of the queenside, and it is the c-pawn
white wants most.} Nf7 $1 32. Qxc7 Qg5 33. Qd7 {I thought this a slight waste
of time, and I imagined that Rausis wished to avoid the many hypercritical
lines that can soon arise. Once black achieves ...Qh4 and ...Ng5, a tremendous
number of tactical possibilities arise, and time trouble makes it difficult to
assess the position exactly. It seems that white's c-pawn gives him
considerable defensive flexibility, usually allowing him to sacrifice his
queen for a key attacker and then trade in on c8 for reinforcements. In fact,
black's attack is surprisingly robust. One confrontational variation is:} (33.
c6 Qh4 34. Ngf1 Ng5 35. Qd8+ Kg6 36. c7 {But this is surprisingly dangerous
for white:} Rh8 $1 {seems to foil white's intentions. Rausis' move in the game
also has the advantage of preventing any possibilities involving ...Nd3.} (
36... Ngh3+ {Tempting but wrong:} 37. gxh3 Qxh3 (37... Nxh3+ 38. Kh1 Qxf2 39.
Qg8+ Rg7 40. Qxe6+ Kh7 41. Qf5+) 38. Qg8+ Rg7 39. Qxe6+ Nxe6 40. c8=Q Nf4 41.
Qf5+ Kh6 42. Ne3) 37. Qd2 $2 (37. c8=Q Rxd8 38. Qc7 (38. Qxd8 Ngh3+) 38...
Ngh3+ 39. gxh3 Nxh3+ 40. Kh1 Qxf2) 37... Nxg2 $1 {gives black a winning attack.
}) 33... Qh4 34. Ngf1 Ng5 35. Qd8+ Kg6 36. Qe8+ (36. Qd1 Nf3+ $1 37. gxf3 Qh3 {
mates.}) 36... Kf6 37. Qd8+ Kg6 38. Qe8+ (38. Qg8+ Rg7 {would just be a waste
of time compared to the game.}) 38... Kf6 39. Re3 $1 {An important
reinforcement of the defence.} Rf7 {This kind of patient move in attack seems
to me to be Tiger's strong point. Though he has a very primitive spirit, he is
quick to find methods of playing for mate in relatively restrained style. The
continuation of this game illustrates this very well.} 40. c6 Kg7 41. Ng3 {
Rausis opts for a sensible move, blunting the pressure against f2. He could
also have tried to offer material himself to try and regain the initiative.} (
41. c7 $5 Rxc7 (41... Nfh3+ 42. gxh3 Qxf2+ 43. Kh1 gxh3 44. Rg3) 42. Qb8 Rf7
43. Qxe5+ Kh7 {but white's king continues to be more harrassed than black's,
and without the c-pawn white will have to work hard before he can create
serious threats. With very careful defence this may well be winning for white,
but it does not feel like the best way of handling the position.}) 41... Kh7 $3
{A tremendously cool move, given that black has a number of tempting, violent
alternatives.} (41... Ngh3+ 42. gxh3 Nxh3+ (42... Qxh3 43. Nf5+) 43. Kh1 (43.
Kg2 $2 Rxf2+ 44. Kh1 Nf4 45. Nf5+ exf5 46. Qxe5+ Kh7) (43. Kf1 Nxf2 (43...
Rxf2+ 44. Ke1) 44. c7 Nd1+ (44... Qxh2 45. c8=Q {and the option of capturing
on f7 kills black's attack.}) 45. Kg1 Rxc7 46. Qxe6 Nxe3 47. Qxe5+ Kg6 48. Qxc7
Qh3 49. Qd6+ Kh7 50. Qe7+ Kg6 (50... Kh8 51. Qf6+ Kh7 52. Qf2) 51. Qe8+ Kf6 52.
Qf8+ {and white's queen again returns to defend.}) 43... Nxf2+ 44. Kg2 Nd1) (
41... Nxg2 $5 42. Kxg2 Qh3+ (42... Nf3 $5 {is better, denying white's king the
use of the h1 square.} 43. Nxf3 Qh3+ 44. Kg1 gxf3 {But now black is foiled by
clever tactics from white:} 45. Qxf7+ $1 Kxf7 46. Rxf3+ Kg6 (46... Ke8 47. Rf8+
$1 Kxf8 48. c7) 47. Nf5 $1 Qh7 (47... Qh8 48. Ne7+ Kg7 49. c7) 48. Rg3+ $1 Kf6
49. Nd6 {A lovely, study-like variation.}) 43. Kh1 Nf3 44. Ngf1 g3 $2 45. Qxf7+
$1 Kxf7 46. Rxf3+) 42. c4 Rg7 {This seems very mysterious - common sense would
dictate that the rook has more to do on the f-line. In fact, Tiger is simply
taking prophylactic measures, robbing white of defensive tactics based on the
black king being on g7. His last move frees the knight on g5 for action.} 43.
Rb3 (43. Qf8 $5 {deserved attention - white's idea being to reinstate the
defensive motif of "mining" the g7 square, e.g.} Ngh3+ $2 (43... Rf7 $5 {
however, invites a repetition of the position.}) 44. gxh3 Qxh3 45. Qxg7+ $1
Kxg7 46. Nf5+) 43... Ngh3+ 44. gxh3 $4 (44. Kf1 Nxf2 45. c7 Qxh2 $1 (45... Rxc7
46. Rb8 Ng6 47. Nf5 $1 exf5 48. exf5 {and white wins.}) 46. c8=Q Qxg2+ 47. Ke1
N2d3+ 48. Rxd3 Nxd3+ 49. Kd1 Nb2+ {with perpetual check.}) 44... Qxh3 45. Qh5+
Nxh5 46. Nf5 {More of that Tiger magic. Attentive readers will remember that
in Copenhagen deFirmian allowed mate in three instead of perpetual against
Tiger Persson. Coincidence? One must begin to wonder...} 0-1